| 000 | 00648 a2200193 4500 | ||
|---|---|---|---|
| 999 |
_c2364 _d2364 |
||
| 020 | _a9780826450616 | ||
| 050 | _aLB 1028 POL 2000 | ||
| 100 |
_aPollard, Andrew _eAuthor |
||
| 245 |
_aWhat pupils say : _bchanging policy and practice in primary education / _cAndrew Pollard...[etal] |
||
| 264 |
_aNew York: _bContinuum, _c2000 |
||
| 300 |
_axiv, 344p. : _bill. |
||
| 500 | _aincludes references and subject index | ||
| 650 |
_aEducation _xElementary--attitudes |
||
| 700 |
_aPat Triggs _eAuthor |
||
| 700 |
_aMarilyn Osborn _eAuthor |
||
| 700 |
_aElizabeth McNess _eAuthor |
||
| 700 |
_aPatricia Broadfoot _eAuthor |
||
| 942 |
_2lcc _cBK _h1028 _iPOL _kLB |
||